[Event "London Classic rapid op"]
[Site "London"]
[Date "2017.12.09"]
[Round "4.23"]
[White "Jecek, Miroslaw"]
[Black "Pigott, John C"]
[Result "0-1"]
[WhiteElo "1925"]
[BlackElo "2418"]
[PlyCount "66"]
[EventDate "2017.12.09"]
[EventType "swiss (rapid)"]
[EventRounds "6"]
[EventCountry "ENG"]
[SourceTitle "CBM 182 Extra"]
[Source "ChessBase"]
[SourceDate "2018.02.23"]
[SourceVersion "1"]
[SourceVersionDate "2018.02.23"]
[SourceQuality "1"]

1. c4 Nf6 2. Nf3 c5 3. g3 b6 4. Bg2 Bb7 5. 0-0 e6 6. Nc3 Be7 7. a3 0-0 8. Rb1 d5 9. cxd5 exd5 10. d4 Na6 11. Bf4 Re8 12. Qa4 Bf8 13. Rfd1 cxd4 14. Nxd4 Nc5 15. Qc2 Rc8 16. Bh3 Ne6 17. Be5 Nd7 18. Bxe6 fxe6 19. f4 Nxe5 20. fxe5 Qg5 21. Nf3 Qe3+ 22. Kg2 d4 23. Rd3 Qxe5 24. Rbd1 dxc3 25. bxc3 Qc5 26. Rd7 Re7 27. Rd8 Qxc3 28. Rxf8+ Kxf8 29. Rd8+ Re8 30. Rxe8+ Kxe8 31. Qxh7 Bxf3+ 32. exf3 Qc2+ 33. Qxc2 Rxc2+ 0-1

[Event "POL-chT 2nd League"]
[Site "Mrzezyno"]
[Date "2011.09.09"]
[Round "7"]
[White "Hanusek, Sebastian"]
[Black "Jecek, Miroslaw"]
[Result "1-0"]
[WhiteElo "2028"]
[BlackElo "1947"]
[PlyCount "112"]
[EventDate "2011.09.03"]
[EventType "team-swiss"]
[EventRounds "9"]
[EventCountry "POL"]
[SourceTitle "EXT 2015"]
[Source "ChessBase"]
[SourceDate "2014.11.20"]
[SourceVersion "1"]
[SourceVersionDate "2014.11.20"]
[SourceQuality "1"]
[WhiteTeam "Wolsztyn UKS Szach"]
[BlackTeam "Lubsko Caissa"]
[WhiteTeamCountry "POL"]
[BlackTeamCountry "POL"]

1. e4 e5 2. Nf3 Nc6 3. Bb5 Bc5 4. 0-0 Nge7 5. c3 Bb6 6. d4 exd4 7. cxd4 d5 8. exd5 Nxd5 9. Re1+ Be6 10. Bg5 Qd6 11. Nc3 0-0 12. Qa4 f6 13. Bh4 Bf7 14. Bg3 Nxc3 15. Bxd6 Nxa4 16. Bxf8 Kxf8 17. Bxa4 Nxd4 18. Nxd4 Bxd4 19. Rac1 c5 20. b3 Rd8 21. Bb5 Bd5 22. Bd3 g6 23. Be4 Kf7 24. Kf1 f5 25. Bxd5+ Rxd5 26. f4 h5 27. Ke2 b5 28. Red1 Ke6 29. Rd3 a5 30. a4 b4 31. Kf3 Rd6 32. Re1+ Kd5 33. Re5+ Kc6 34. Re7 Kb6 35. Rd1 Rc6 36. Rd2 Bc3 37. Rdd7 c4 38. bxc4 Rxc4 39. Rb7+ Ka6 40. Rbc7 Rxc7 41. Rxc7 Kb6 42. Rc4 Bf6 43. Ke2 b3 44. Kd3 b2 45. Kc2 Bg7 46. Rc8 Bd4 47. Kb1 Bf6 48. Rg8 Kc5 49. Rxg6 Bd4 50. Rg5 Kb4 51. Rxh5 Kxa4 52. Rxf5 Kb4 53. Rf8 a4 54. f5 a3 55. f6 Kb3 56. Rb8+ Kc3 1-0

[Event "POL-chT 2nd League"]
[Site "Mrzezyno"]
[Date "2011.09.08"]
[Round "6"]
[White "Jecek, Miroslaw"]
[Black "Urbanski, Grzegorz"]
[Result "0-1"]
[WhiteElo "1947"]
[BlackElo "2177"]
[PlyCount "70"]
[EventDate "2011.09.03"]
[EventType "team-swiss"]
[EventRounds "9"]
[EventCountry "POL"]
[SourceTitle "EXT 2015"]
[Source "ChessBase"]
[SourceDate "2014.11.20"]
[SourceVersion "1"]
[SourceVersionDate "2014.11.20"]
[SourceQuality "1"]
[WhiteTeam "Lubsko Caissa"]
[BlackTeam "Mikolow AKS"]
[WhiteTeamCountry "POL"]
[BlackTeamCountry "POL"]

1. e4 c5 2. Nf3 Nc6 3. c3 g6 4. d4 cxd4 5. cxd4 Bg7 6. Nc3 d6 7. h3 a6 8. Be3 Nf6 9. d5 Nb8 10. Nd4 0-0 11. Be2 Nbd7 12. 0-0 Nc5 13. Qc2 a5 14. a4 Bd7 15. f3 Nh5 16. Rfd1 Be5 17. Ra3 Rc8 18. Qd2 Ng3 19. Bb5 f5 20. exf5 Bxf5 21. Nce2 Nxe2+ 22. Qxe2 Bd7 23. Bxd7 Qxd7 24. Nb5 Bf6 25. Bd4 Rfe8 26. g4 Kf7 27. Nc3 e5 28. dxe6+ Rxe6 29. Qd2 Bxd4+ 30. Qxd4 Qe7 31. Qd5 Qh4 32. Kg2 Ke7 33. Raa1 Nd7 34. Rd2 h5 35. Re1 Qxe1 0-1